000 01017cam a22003494a 4500
001 9597
003 BD-RjUL
005 20211208234814.0
008 140121s1973 njua c 001 0 eng
035 _a(BD-RjUL)9642
040 _aDLC
_cDLC
_dDLC
_dBD-RjUL
_beng
041 _aeng
082 0 0 _a537
_221
_bZIE 1973
100 1 _aZilberman, G.,
_929720
245 0 0 _aElectricity and magnetism /
_cG. Zilberman.
260 _aMoscow :
_bMir publishers,
_c1973.
300 _a336 p. ;
_c22 cm.
490 _aInterfact
504 _aIncludes index.
650 0 _aElectricity
_vJuvenile literature.
_929722
650 0 _aMagnetism
_vJuvenile literature.
_929723
650 1 _aElectricity.
_929724
650 1 _aElectricity
_xExperiments.
_929725
650 1 _aMagnetism.
_929726
650 1 _aMagnetism
_xExperiments.
_929727
650 1 _aExperiments.
_929728
700 1 _aWhalley, Margaret.
_929729
700 1 _aGraham, Kate.
_929730
942 _2ddc
_cBK
999 _c9597
_d9597